UEFA U17 European Championship Top 4 1982-2024 - Statistics

General Stats
  • This quiz has been taken 26 times
  • The average score is 23 of 26
Answer Stats
Title Won Runner Up Third Place Fourth Place Nation % Correct
2010, 2014 2007, 2017 1984, 2002 2001, 2003,2004 England
100%
2004, 2015,2022 1996, 2001,2002, 2008, 2023 1987, 1989 1991, 1993,1995 France
100%
1992, 2009,2023 1991, 2011,2012, 2015 1995, 1997,1999 2006 Germany
100%
1982, 2024 1986, 1993,1998, 2013, 2018, 2019 1992, 2005 - Italy
100%
1989, 1995,1996, 2000, 2003, 2016 1988, 2024 2004 1990, 1992,1998 Portugal
100%
1986, 1988,1991, 1997, 1999, 2001, 2007, 2008, 2017 1990, 1995,2003, 2004, 2010, 2016 1985, 1998,2006 1989, 2002 Spain
100%
- 1997 2003 1994 Austria
96%
- - 2001 2005 Croatia
96%
- 1994 - - Denmark
96%
- 1985 1991 1996, 2000 Greece
96%
2011, 2012,2018, 2019 2005, 2009,2014, 2022 2000 - Netherlands
96%
- - - 2013 Slovakia
96%
2002 - - 1997 Switzerland
96%
1994, 2005 - - 1987 Turkey
96%
1998 - - - Ireland
91%
1993 1999 1990 - Poland
91%
2006, 2013 - - - Russia
91%
- - 1994 - Ukraine
91%
1985, 1987 1984 1986 - Soviet Union
87%
- 2000, 2006 - 1999 Czech Republic
83%
- - - 1982 Finland
83%
- 1990 1982 1984 Yugoslavia
83%
- 1989 1988 1985, 1986 East Germany
78%
1984 1982 - 1988 West Germany
74%
1990 - 1993 - Czechoslovakia
65%
- - 1996 - Israel
61%
No matching quizzes found
Score Distribution
Percent of People with Each Score
Percentile by Number Answered
Your Score History
You have not taken this quiz